| 000 | 01221cab a2200301 4500 | ||
|---|---|---|---|
| 001 | ABS55914 | ||
| 008 | 090401t1996 xxu||||| |||| 00| 0 eng d | ||
| 035 | _a(Sirsi) u19761 | ||
| 041 | _aeng | ||
| 100 | _aSpeck, C. | ||
| 245 | 4 | _aThe use of court experts and the quality of service provided by witnesses of opinion | |
| 260 | _c1996 | ||
| 350 | _a0 | ||
| 490 |
_aArbitration and Dispute Resolution Law Journal _v(3) September 1996, 229-240(7) |
||
| 520 | _aInvestigates the use of court experts and the opinions of the legal profession regarding the use of expert evidence. Highlights the problems with appointing expert witnesses and the quality of the service they provide. Concludes that experts are not well regarded and that Lord Woolf`s proposed reforms are to be welcomed. | ||
| 650 | _aACCESS TO JUSTICE | ||
| 650 | _aCIVIL JUSTICE SYSTEM | ||
| 650 |
_aDISPUTE RESOLUTION _96236 |
||
| 650 | _aEXPERT EVIDENCE | ||
| 650 | _aEXPERT WITNESSES | ||
| 650 | _aWOOLF REPORT | ||
| 690 | _aMANAGEMENT-DISPUTE AVOIDANCE, MANAGEMENT AND RESOLUTION-DISPUTE MANAGEMENT AND RESOLUTION-ARBITRATION | ||
| 690 | _aLAW | ||
| 700 | _aFenn, P. | ||
| 700 | _aO`Shea, M. | ||
| 942 | _n0 | ||
| 948 | _c04/03/1997 | ||
| 999 |
_c13227 _d13227 |
||